U.S. Army Corps of Engineers oversight of temporary emergency power contracts awarded for hurricanes Harvey and Irma.

Bibliographic Details
Format: Government Document eBook
Language:English
Published: Alexandria, Virginia : Department of Defense, Office of Inspector General, 2019.
Subjects:
Online Access:https://purl.fdlp.gov/GPO/gpo114859

MARC

Tag First Indicator Second Indicator Subfields
LEADER 00000cam a2200000 i 4500
001 in00004001813
005 20190718162027.0
006 m o d f
007 cr mn|||||||||
008 190117s2019 vau ob f000 0 eng c
035 |a (OCoLC)on1082519769 
040 |a GPO  |b eng  |e rda  |e pn  |c GPO  |d MvI  |d UtOrBLW 
042 |a pcc 
043 |a n-us--- 
049 |a WWW 
074 |a 0306 (online) 
086 0 |a D 1.2:C 74/2 
245 0 0 |a U.S. Army Corps of Engineers oversight of temporary emergency power contracts awarded for hurricanes Harvey and Irma. 
246 3 |a United States Army Corps of Engineers oversight of temporary emergency power contracts awarded for hurricanes Harvey and Irma 
264 1 |a Alexandria, Virginia :  |b Department of Defense, Office of Inspector General,  |c 2019. 
300 |a 1 online resource (vi, 38 pages) 
336 |a text  |b txt  |2 rdacontent 
337 |a computer  |b c  |2 rdamedia 
338 |a online resource  |b cr  |2 rdacarrier 
500 |a "January 3, 2019." 
500 |a "Report number DODIG-2019-043." 
504 |a Includes bibliographical references. 
588 |a Description based on online resource, PDF version; title from cover (DOD, viewed January 10, 2019). 
610 1 0 |a United States.  |b Army.  |b Corps of Engineers.  |b Pittsburgh District  |x Auditing. 
610 1 0 |a United States.  |b Army.  |b Corps of Engineers.  |b Pittsburgh District  |x Evaluation. 
650 0 |a Government contractors  |z United States.  |0 http://id.loc.gov/authorities/subjects/sh2008105355 
650 0 |a Emergency management  |z United States.  |0 http://id.loc.gov/authorities/subjects/sh2008102968 
650 0 |a Emergency power supply  |z United States. 
650 0 |a Management audit  |z United States. 
710 1 |a United States.  |b Department of Defense.  |b Office of the Inspector General,  |e issuing body.  |0 http://id.loc.gov/authorities/names/n85026811 
856 4 0 |u https://purl.fdlp.gov/GPO/gpo114859  |t 0 
999 f f |s 19c1429b-7b38-3dbc-b66b-1ff174e843cb  |i 891a9c97-e3dd-33c5-b376-927731eeab0c  |t 0 
952 f f |a Texas A&M University  |b College Station  |c Electronic Resources  |d Available Online  |t 0  |e D 1.2:C 74/2  |h Superintendent of Documents classification 
998 f f |a D 1.2:C 74/2  |t 0  |l Available Online